[Event "Jastrzebie Zdroj op"]
[Site "Jastrzebie Zdroj"]
[Date "2019.08.15"]
[Round "4"]
[White "Sulkowski, Dawid"]
[Black "Marcinowski, Marek"]
[Result "1-0"]
[WhiteElo "1604"]
[BlackElo "1881"]
[PlyCount "107"]
[EventDate "2019.08.12"]
[EventType "swiss"]
[EventRounds "9"]
[EventCountry "POL"]
[SourceTitle "CBM 191 Extra"]
[Source "ChessBase"]
[SourceDate "2019.09.30"]
[SourceVersion "1"]
[SourceVersionDate "2019.09.30"]
[SourceQuality "1"]

1. e4 c6 2. d4 d5 3. Nc3 dxe4 4. Nxe4 Bf5 5. Ng3 Bg6 6. h4 h6 7. Nf3 Nd7 8. h5 Bh7 9. Bd3 Bxd3 10. Qxd3 e6 11. Bd2 Ngf6 12. 0-0-0 Bd6 13. Kb1 Qc7 14. Ne4 Nxe4 15. Qxe4 Nf6 16. Qe2 a5 17. c4 Bb4 18. Ne5 Bxd2 19. Rxd2 0-0-0 20. Rh3 c5 21. Rhd3 cxd4 22. Rxd4 Rxd4 23. Rxd4 Rd8 24. Rxd8+ Kxd8 25. g4 Ke7 26. Qe3 Qd6 27. Kc2 Nd7 28. Nxd7 Kxd7 29. Qf3 Ke7 30. Qxb7+ Kf6 31. Qb5 Qd4 32. Qxa5 Qxg4 33. Qc5 Qe2+ 34. Kb3 Qd3+ 35. Kb4 Qd2+ 36. Ka3 e5 37. b4 Qc3+ 38. Ka4 Qc2+ 39. Kb5 Qxa2 40. Kb6 Qd2 41. Kc6 Kf5 42. b5 Qd8 43. b6 Qc8+ 44. Kb5 Qd7+ 45. Qc6 Qd4 46. Qc5 Qd7+ 47. Ka6 Qa4+ 48. Kb7 f6 49. Kc7 Qe8 50. b7 Qf7+ 51. Kb6 Qxh5 52. b8Q Qf3 53. Qe3 Qg4 54. Qc8+ 1-0

[Event "Jastrzebie Zdroj op"]
[Site "Jastrzebie Zdroj"]
[Date "2018.08.24"]
[Round "8"]
[White "Galuszka, Tomasz"]
[Black "Marcinowski, Marek"]
[Result "1-0"]
[WhiteElo "2022"]
[BlackElo "1875"]
[PlyCount "97"]
[EventDate "2018.08.18"]
[EventType "swiss"]
[EventRounds "9"]
[EventCountry "POL"]
[SourceTitle "CBM 186 Extra"]
[Source "ChessBase"]
[SourceDate "2018.08.24"]
[SourceVersion "1"]
[SourceVersionDate "2018.08.24"]
[SourceQuality "1"]

1. Nf3 d5 2. g3 Nf6 3. Bg2 Bf5 4. 0-0 e6 5. d3 h6 6. Nbd2 Be7 7. Qe1 c6 8. e4 Bg4 9. Ne5 Nbd7 10. Nxg4 Nxg4 11. h3 Ngf6 12. e5 Nh7 13. a4 Qc7 14. Nf3 Ng5 15. Nxg5 hxg5 16. d4 c5 17. c3 cxd4 18. cxd4 Qc2 19. Be3 Nb6 20. Qa5 0-0 21. Qb5 Qc4 22. b3 Qxb5 23. axb5 Rfc8 24. Rfc1 Rxc1+ 25. Rxc1 Rc8 26. Ra1 Ra8 27. Bf1 f6 28. exf6 gxf6 29. Kg2 Nc8 30. Bd3 Nd6 31. f4 Rc8 32. Rc1 Rxc1 33. Bxc1 Nf7 34. fxg5 Nxg5 35. g4 Bb4 36. h4 Nf7 37. Be3 Be1 38. Kh3 Kg7 39. g5 f5 40. b6 a6 41. Bxa6 Ba5 42. Bxb7 Nd6 43. Bc6 Bxb6 44. Bf4 Nf7 45. Bd7 Nd8 46. Be5+ Kf7 47. h5 Ke7 48. g6 Kxd7 49. g7 1-0

[Event "Jastrzebie Zdroj op"]
[Site "Jastrzebie Zdroj"]
[Date "2018.08.23"]
[Round "7"]
[White "Marcinowski, Marek"]
[Black "Durica, Adam"]
[Result "1-0"]
[WhiteElo "1875"]
[BlackElo "2040"]
[PlyCount "87"]
[EventDate "2018.08.18"]
[EventType "swiss"]
[EventRounds "9"]
[EventCountry "POL"]
[SourceTitle "CBM 186 Extra"]
[Source "ChessBase"]
[SourceDate "2018.08.24"]
[SourceVersion "1"]
[SourceVersionDate "2018.08.24"]
[SourceQuality "1"]

1. d4 Nf6 2. Nf3 g6 3. Bf4 Bg7 4. e3 0-0 5. Be2 b6 6. Nbd2 Bb7 7. 0-0 d6 8. c4 c5 9. Qc2 h6 10. d5 Nh5 11. Rfe1 Bc8 12. Rad1 Nd7 13. Ne4 f5 14. Ng3 Ndf6 15. h3 a6 16. Nxh5 Nxh5 17. Bh2 Nf6 18. Nh4 Qe8 19. g4 Ne4 20. f4 Bf6 21. Ng2 h5 22. g5 Bg7 23. Nh4 b5 24. Bd3 bxc4 25. Bxe4 fxe4 26. Qxe4 Kh7 27. Kg2 Bxb2 28. Qxc4 Qd7 29. f5 Kg7 30. Qc2 Be5 31. Bxe5+ dxe5 32. f6+ Kh8 33. Nxg6+ Kg8 34. Nxe7+ Kh8 35. Rh1 Qb5 36. Ng6+ Kg8 37. Nxe5 Ra7 38. Rb1 Qa5 39. Nc6 Bf5 40. Qxf5 Qd2+ 41. Kf3 Raf7 42. Rbd1 Qxa2 43. Ne5 Rg7 44. g6 1-0

[Event "Orlova op1"]
[Site "Orlova"]
[Date "2006.05.??"]
[Round "?"]
[White "Marcinowski, Marek"]
[Black "Vesely, Martin"]
[Result "0-1"]
[WhiteElo "1843"]
[BlackElo "2150"]
[PlyCount "116"]
[EventDate "2006.05.??"]
[EventType "swiss"]
[EventRounds "9"]
[EventCountry "CZE"]
[SourceTitle "EXT 2008"]
[Source "ChessBase"]
[SourceDate "2007.11.25"]
[SourceVersion "1"]
[SourceVersionDate "2007.11.25"]
[SourceQuality "1"]

1. d4 f5 2. e4 fxe4 3. Nc3 Nf6 4. Bg5 b6 5. Bxf6 exf6 6. Nxe4 Qe7 7. Qe2 Ba6 8. Qe3 Bxf1 9. Kxf1 d5 10. Ng3 Qxe3 11. fxe3 g6 12. Ke2 f5 13. Kd3 Nd7 14. h4 Nf6 15. h5 Ng4 16. Rf1 Bd6 17. hxg6 Bxg3 18. Rxh7 0-0 19. Ne2 Bd6 20. Nf4 Nf6 21. Rh3 Bxf4 22. Rxf4 Kg7 23. Rxf5 Kxg6 24. Rhf3 c6 25. R5f4 Rae8 26. a4 Re4 27. Rg3+ Kf7 28. Rff3 Re6 29. Rh3 Rg8 30. g3 Ke7 31. b3 Rg7 32. Rh8 Ne8 33. c4 Reg6 34. cxd5 cxd5 35. Rf5 Nc7 36. b4 Rxg3 37. Rb8 Kd7 38. Rff8 Ne6 39. Rf5 Kd6 40. Rf6 R7g4 41. Kd2 Re4 42. a5 Kc7 43. Re8 Rgxe3 44. Re7+ Kc6 45. Rxa7 Re2+ 46. Kc1 Rxd4 47. axb6 Kxb6 48. Re7 Rde4 49. Rd7 d4 50. Rd5 Kc6 51. Rc5+ Kd6 52. Rcf5 Re5 53. Rf4 Kd5 54. Rf3 Kc4 55. Rf7 Kxb4 56. Rb7+ Kc4 57. Ra7 Nc5 58. Kd1 Re1+ 0-1

[Event "Orlova op1"]
[Site "Orlova"]
[Date "2006.05.??"]
[Round "?"]
[White "Sieber, Martin"]
[Black "Marcinowski, Marek"]
[Result "1/2-1/2"]
[WhiteElo "2017"]
[BlackElo "1843"]
[PlyCount "103"]
[EventDate "2006.05.??"]
[EventType "swiss"]
[EventRounds "9"]
[EventCountry "CZE"]
[SourceTitle "EXT 2008"]
[Source "ChessBase"]
[SourceDate "2007.11.25"]
[SourceVersion "1"]
[SourceVersionDate "2007.11.25"]
[SourceQuality "1"]

1. d4 Nf6 2. c4 e5 3. dxe5 Ng4 4. Nf3 Nc6 5. Nc3 Bc5 6. e3 0-0 7. a3 Ngxe5 8. b4 Be7 9. Nd5 Bf6 10. Nxf6+ Qxf6 11. Nd4 d6 12. Be2 Nxd4 13. Qxd4 Qg6 14. g3 Be6 15. Bb2 Bxc4 16. h3 Bxe2 17. Kxe2 Qc2+ 18. Qd2 Qxd2+ 19. Kxd2 Nc4+ 20. Kc2 Nxb2 21. Kxb2 a6 22. Rhd1 f5 23. Rac1 Rf7 24. Rc4 b5 25. Rc6 a5 26. Rd5 axb4 27. axb4 Rb8 28. Ra6 Rf6 29. Kc3 g6 30. h4 Re6 31. Kd3 Rc8 32. Rxb5 Kf7 33. Rb7 Ke8 34. Raa7 Kd7 35. b5 Re7 36. f3 Re5 37. b6 Rc5 38. e4 Kd8 39. bxc7+ Kd7 40. Rb8 fxe4+ 41. Kxe4 Rc4+ 42. Kd3 R4xc7 43. Rbb7 Kc6 44. Rxc7+ Rxc7 45. Rxc7+ Kxc7 46. Kd4 Kc6 47. g4 d5 48. f4 Kd6 49. f5 gxf5 50. gxf5 h5 51. f6 Ke6 52. f7 1/2-1/2

[Event "POL-chT2 U18"]
[Site "Sielpa"]
[Date "2004.??.??"]
[Round "4"]
[White "Efinowicz, Michal"]
[Black "Marcinowski, Marek"]
[Result "0-1"]
[WhiteElo "2005"]
[BlackElo "1810"]
[PlyCount "88"]
[EventDate "2004.??.??"]
[EventType "team"]
[EventRounds "11"]
[EventCountry "POL"]
[SourceTitle "EXT 2007"]
[Source "ChessBase"]
[SourceDate "2006.11.23"]
[SourceVersion "1"]
[SourceVersionDate "2006.11.23"]
[SourceQuality "1"]

1. c4 Nf6 2. Nc3 e6 3. d4 d5 4. cxd5 exd5 5. Qc2 Be7 6. Nf3 c6 7. Bf4 Nbd7 8. e3 Nf8 9. Bd3 Ne6 10. Bg3 g6 11. Ne5 Ng7 12. h3 0-0 13. Rc1 Re8 14. Qe2 Bf5 15. Bxf5 Nxf5 16. Bh2 Nd6 17. g4 Nfe4 18. Nxe4 Nxe4 19. 0-0 Bd6 20. f3 Ng5 21. Kg2 Qc7 22. h4 Ne6 23. g5 Ng7 24. e4 Ne6 25. Qf2 Nxd4 26. Ng4 Bxh2 27. Nf6+ Kf8 28. Nxe8 Rxe8 29. Kh1 Be5 30. f4 Bg7 31. e5 Nf5 32. Kh2 d4 33. h5 Kg8 34. h6 Bf8 35. a3 Qd7 36. Rfd1 Qe6 37. Rd3 c5 38. b3 Ne3 39. Qf3 Qg4 40. Rxe3 Qh4+ 41. Kg2 dxe3 42. Qxe3 Qg4+ 43. Kf2 Rd8 44. Rg1 Qf5 0-1